| 000 | 01095nas a2200337 4500 | ||
|---|---|---|---|
| 001 | BR8105618 | ||
| 003 | BR-BrBNA | ||
| 005 | 20231205084843.0 | ||
| 007 | ta | ||
| 008 | 230509b bl.|||p| |||| 00| 00por d | ||
| 040 |
_aBR-BrBNA _bpor _cBiblioteca Nacional de Agricultura |
||
| 041 | _a(Pt) | ||
| 072 | _aH50; F25 | ||
| 100 | 1 | _aFigueiredo, P. | |
| 100 | 1 | _aHiroce, R. | |
| 100 | 1 | _aCamargo, A.P. de | |
| 100 | 1 | _aMariotto, P.R. | |
| 100 | 1 | _aFernandes, D.R. | |
| 100 | 1 | _aBonini, R. | |
| 111 | 1 |
_a8. Congresso Brasileiro de Pesquisas Cafeeiras _cCampos de Jordao, SP (Brazil) _d25 Nov 1980 |
|
| 245 | 1 | _aControle da seca do ponteiro do cafeeiro Catuai por fungicida, quebra-vento e adubacao NK, avaliado pela producao de graos [deficiencia mineral, Coffea arabica] | |
| 650 | _aCAFE | ||
| 650 | _aFUNGICIDA | ||
| 650 | _aNITROGENIO | ||
| 650 | _aPOTASSIO | ||
| 650 | _aDEFICIENCIA MINERAL | ||
| 650 | _aADUBACAO | ||
| 773 | 0 |
_tBragantia (Brazil) _xISSN 0006-8705 _g(1981), v. 40 p. 205-209 _wBR8105618 |
|
| 909 |
_a202311 _bLúcia _c55 _dLúcia Elande |
||
| 942 |
_2AGRIS _n0 _cANA |
||
| 999 |
_c107700 _d107700 |
||